000 02327nam a22001577a 4500
999 _c521270
_d521270
008 221228b ||||| |||| 00| 0 eng d
100 _aWang, X., Holbrook, A. L. and Feeney, M.
_936460
245 _aThe role of department type in public managers’ attitudes toward social media use
260 _aAmerican Review of Public Administration
300 _a52(6), Aug, 2022: p.457-471
520 _aSocial media technologies have been widely adopted by governments to increase civic engagement, promote openness, and extend services. Previous research finds that public managers’ attitudes are important predictors of social media adoption and successful implementation. Managers’ attitudes may vary due to different organizational structures, functions, and operations based on department type or because departments vary along with key dimensions. This research investigates the following questions: (1) Does department type significantly predict public managers’ attitudes toward social media, (2) does department type moderate the effect of predictors of managers’ attitudes toward social media found in previous research, and (3) do the predictors of managers’ attitudes toward social media found in previous research mediate attitude differences observed across different kinds of departments. Using data collected from a 2014 national web survey in the United States on technology in city government, we find department type is an important predictor of managers’ attitudes toward social media use. The effects of other predictors of attitudes toward social media use were not moderated by department type. Instead, those predictors had similar effects regardless of department type. Some of the variables related to organizational characteristics and culture (e.g., social media use, innovativeness, and use of e-services) helped to explain differences between the attitudes of managers from different departments. Our findings are important for developing strategies to target managers’ negative attitudes toward using social media, thus removing one of the barriers to successful technology implementation.- Reproduced
650 _aSocial media, Local governance, Department type.
_934939
773 _aAmerican Review of Public Administration
906 _aLOCAL GOVERNMENT
942 _cAR